| 000 | 01005nam a2200241 a 4500 | ||
|---|---|---|---|
| 999 |
_c10967 _d10967 |
||
| 001 | 10967 | ||
| 003 | BD-JhCC | ||
| 005 | 20221124134023.0 | ||
| 008 | 190608s19962018bg |||| |||| 000 0 ben d | ||
| 020 | _a9844460298 | ||
| 035 | _a(BD-JhCC)10967 | ||
| 040 |
_aBD-JhCC _dBD-JhCC |
||
| 041 | _aben | ||
| 082 |
_a891.443 _bBAN 2018 |
||
| 100 | _aবন্দ্যোপাধ্যায়, বিভূতিভূষণ | ||
| 245 |
_aশ্রেষ্ঠ উপন্যাস / _cবিভূতিভূষণ বন্দ্যোপাধ্যায়, সম্পা. হায়াৎ মামুদ এবং তারাদাস বন্দ্যোপাধ্যায় |
||
| 260 |
_aঢাকা : _bঅবসর, _c২০১৮. |
||
| 300 |
_a৮৯১ পৃ. : _c২০ সেমি. |
||
| 650 | _aCollect of Novels | ||
| 700 | _aমামুদ, হায়াৎ | ||
| 700 | _aবন্দ্যোপাধ্যায়, তারাদাস | ||
| 942 |
_2ddc _cBK _011 |
||